[Event "10th American Continental"]
[Site "Montevideo URU"]
[Date "2015.05.23"]
[Round "10.74"]
[White "Rodriguez Fuentealba, Diego"]
[Black "Reolon, Victor"]
[Result "0-1"]
[WhiteElo "1522"]
[BlackElo "1711"]
[WhiteFideId "3422704"]
[BlackFideId "3002942"]
[EventDate "2015.05.15"]
[EventType "swiss"]

1. e4 e6 2. d4 d5 3. Nd2 c5 4. exd5 exd5 5. Ngf3 Nf6 6. dxc5 Bxc5 7. Bd3 Qe7+ 8.
Qe2 Qxe2+ 9. Bxe2 O-O 10. O-O Bf5 11. c3 Re8 12. Bb5 Re7 13. Nb3 Bd6 14. Bg5 h6
15. Bh4 Bh7 16. Rad1 g5 17. Bg3 Bxg3 18. fxg3 Nc6 19. Nxg5 Bc2 20. Rc1 Bxb3 21.
axb3 Kg7 22. Nf3 a6 23. Bd3 Ne5 24. Nxe5 Rxe5 25. Rf3 Rae8 26. Rcf1 R8e6 27. Bf5
Rb6 28. Bc8 Re7 29. b4 Ne4 30. Re1 Rc7 31. Bf5 Nd2 32. Rd3 Nc4 33. Rxd5 Nxb2 34.
Rb1 Na4 35. Rd7 Rxc3 36. Be6 Rxe6 0-1

[Event "10th American Continental"]
[Site "Montevideo URU"]
[Date "2015.05.24"]
[Round "11.1"]
[White "Mareco, Sandro"]
[Black "Flores, Diego"]
[Result "1/2-1/2"]
[WhiteTitle "GM"]
[BlackTitle "GM"]
[WhiteElo "2581"]
[BlackElo "2567"]
[WhiteFideId "112275"]
[BlackFideId "108049"]
[EventDate "2015.05.15"]
[EventType "swiss"]

1. d4 Nf6 2. c4 e6 3. Nf3 a6 4. Nc3 d5 5. cxd5 exd5 6. Bg5 Be6 7. e3 Nbd7 8. Bd3
Bd6 9. O-O c6 10. Bf4 Qc7 1/2-1/2

[Event "10th American Continental"]
[Site "Montevideo URU"]
[Date "2015.05.24"]
[Round "11.2"]
[White "Quesada Perez, Yuniesky"]
[Black "Matamoros Franco, Carlos S."]
[Result "1-0"]
[WhiteTitle "GM"]
[BlackTitle "GM"]
[WhiteElo "2645"]
[BlackElo "2525"]
[WhiteFideId "3504409"]
[BlackFideId "3600017"]
[EventDate "2015.05.15"]
[EventType "swiss"]

1. e4 e6 2. d4 d5 3. Nc3 Nf6 4. e5 Nfd7 5. f4 c5 6. Nf3 Nc6 7. Be3 Be7 8. Qd2
O-O 9. Be2 b6 10. Nd1 cxd4 11. Nxd4 Nxd4 12. Bxd4 Nc5 13. Nf2 a5 14. O-O Ba6 15.
Bxa6 Rxa6 16. Qe2 Ra8 17. Rad1 Qc7 18. c3 Qc6 19. Ng4 Ne4 20. f5 exf5 21. Rxf5
Rae8 22. Rdf1 Bc5 23. Qe3 Re7 24. Kh1 Qb5 25. Qf4 Bxd4 26. cxd4 Re6 27. a4 Qd3
28. Ne3 g6 29. Rxf7 Qxf1+ 30. Qxf1 Rxf7 31. Qb5 Kg7 32. h3 Ree7 33. Nxd5 Re6 34.
Ne3 Ree7 35. Kh2 h5 36. Qc6 Nd2 37. Nd5 Ra7 38. e6 Rf2 39. Qxb6 1-0

[Event "10th American Continental"]
[Site "Montevideo URU"]
[Date "2015.05.24"]
[Round "11.5"]
[White "Bachmann, Axel"]
[Black "Perez Ponsa, Federico"]
[Result "0-1"]
[WhiteTitle "GM"]
[BlackTitle "GM"]
[WhiteElo "2636"]
[BlackElo "2533"]
[WhiteFideId "3700488"]
[BlackFideId "117927"]
[EventDate "2015.05.15"]
[EventType "swiss"]

1. c4 Nf6 2. Nc3 g6 3. g3 Bg7 4. Bg2 d6 5. d4 O-O 6. Nf3 Nc6 7. O-O Rb8 8. b3 a6
9. Nd5 e6 10. Nxf6+ Qxf6 11. Bb2 Qe7 12. Qd2 e5 13. d5 Nd8 14. Rac1 f5 15. b4
Nf7 16. c5 Bd7 17. Qc2 Rbc8 18. Nd2 h5 19. Nc4 h4 20. Qb3 hxg3 21. hxg3 f4 22.
cxd6 Nxd6 23. a4 Bxa4 24. Qxa4 b5 25. Qxa6 bxc4 26. Bh3 Ra8 27. Qc6 Ra2 28. Be6+
Kh7 29. Rc2 fxg3 30. fxg3 Rxf1+ 31. Kxf1 Qf6+ 32. Kg2 Ne4 33. e3 c3 34. Qc4 Nd2 0-1

[Event "10th American Continental"]
[Site "Montevideo URU"]
[Date "2015.05.24"]
[Round "11.6"]
[White "Iturrizaga Bonelli, Eduardo"]
[Black "Shabalov, Alexander"]
[Result "1-0"]
[WhiteTitle "GM"]
[BlackTitle "GM"]
[WhiteElo "2613"]
[BlackElo "2523"]
[WhiteFideId "3901211"]
[BlackFideId "2008572"]
[EventDate "2015.05.15"]
[EventType "swiss"]

1. d4 d5 2. Nf3 c6 3. c4 e6 4. e3 Bd6 5. Bd3 f5 6. b3 Nf6 7. O-O Qe7 8. Bb2 O-O
9. Nc3 Bd7 10. Ne5 Be8 11. Ne2 Nbd7 12. f3 c5 13. Kh1 a6 14. a4 Nb8 15. Nf4 g5
16. Nh3 h6 17. Qe2 Nc6 18. cxd5 exd5 19. Nxc6 bxc6 20. Bxf5 cxd4 21. Bxd4 c5 22.
Bb2 Rb8 23. Rab1 d4 24. Bd3 dxe3 25. Bc4+ Bf7 26. Bxf6 Qxf6 27. Bxf7+ Rxf7 28.
Qxe3 Qe5 29. Qg1 g4 30. Rfe1 Qd5 31. Red1 Qc6 32. fxg4 Rb4 33. Rf1 Rg7 34. g5
hxg5 35. Qe3 Rh4 36. Qe6+ Kh7 37. Rbd1 Rh6 38. Rf6 1-0

[Event "10th American Continental"]
[Site "Montevideo URU"]
[Date "2015.05.24"]
[Round "11.7"]
[White "Kaidanov, Gregory S"]
[Black "Felgaer, Ruben"]
[Result "1/2-1/2"]
[WhiteTitle "GM"]
[BlackTitle "GM"]
[WhiteElo "2566"]
[BlackElo "2582"]
[WhiteFideId "2008564"]
[BlackFideId "107069"]
[EventDate "2015.05.15"]
[EventType "swiss"]

1. Nf3 d5 2. g3 Nc6 3. d4 Bf5 4. Bg2 Nb4 5. Na3 e6 6. c3 Na6 7. Qb3 Qc8 8. Nh4
Bg4 9. e4 c6 10. exd5 exd5 11. O-O Be7 12. Re1 Be6 13. Nf3 h6 14. Bf4 Nf6 15.
Re2 O-O 16. Rae1 Ne4 17. Ne5 Nc7 18. f3 Nd6 19. Qd1 Re8 20. Nd3 Bf8 21. Nc2 Bf5
22. Rxe8 Ndxe8 23. Bf1 Ne6 24. Bc1 Qc7 25. Ne3 Bh7 26. Ng2 Qb6 27. Ndf4 Nxf4 28.
Nxf4 Nf6 29. Bd3 Bxd3 30. Qxd3 Re8 31. Rxe8 Nxe8 32. Qe2 Qd8 33. Nd3 1/2-1/2

[Event "10th American Continental"]
[Site "Montevideo URU"]
[Date "2015.05.24"]
[Round "11.8"]
[White "Terry, Renato"]
[Black "Gonzalez Vidal, Yuri"]
[Result "0-1"]
[WhiteTitle "FM"]
[BlackTitle "GM"]
[WhiteElo "2464"]
[BlackElo "2550"]
[WhiteFideId "3803457"]
[BlackFideId "3503321"]
[EventDate "2015.05.15"]
[EventType "swiss"]

1. d4 Nf6 2. Bg5 Ne4 3. Bf4 d5 4. e3 c5 5. Bd3 Nf6 6. dxc5 Nc6 7. Bb5 Qa5+ 8.
Nc3 a6 9. Bxc6+ bxc6 10. Qd4 e6 11. Bd6 Bxd6 12. cxd6 Rb8 13. Rb1 Rb4 14. Qd2
O-O 15. Nf3 Qc5 16. a3 Rg4 17. O-O Qxd6 18. h3 Rg6 19. Qd4 Nd7 20. Ne4 Qe7 21.
Ng3 e5 22. Qh4 Nf6 23. e4 Re8 24. Rfe1 d4 25. b4 c5 26. b5 axb5 27. Rxb5 Qc7 28.
Reb1 Ba6 29. R5b2 Nd7 30. Nf5 Nf8 31. g4 h6 32. Qg3 Rge6 33. Kh2 Ng6 34. N3h4
Nf4 35. g5 h5 36. Nf3 c4 37. Rb4 d3 38. Ne3 dxc2 39. Nxc2 c3 40. Nfe1 Rd8 41.
Ne3 g6 42. N1c2 Red6 43. R4b3 Rd2 44. Nb4 Bb7 45. Nf1 Bxe4 46. Nxd2 Rxd2 47.
Rxc3 h4 48. Qe3 Rxf2+ 49. Kg1 Rg2+ 50. Kf1 Qb7 51. Rbc1 Qb5+ 52. Rc4 Re2 53.
Qxe2 Nxe2 54. Kxe2 Bf5 55. Ke3 Qb6+ 56. Rc5 Qd8 57. Nc6 Qxg5+ 58. Ke2 Qg2+ 59.
Ke1 Qg3+ 60. Ke2 Qd3+ 61. Ke1 Qe3+ 0-1

[Event "10th American Continental"]
[Site "Montevideo URU"]
[Date "2015.05.24"]
[Round "11.9"]
[White "Hevia Alejano, Carlos Antonio"]
[Black "Alonso, Salvador"]
[Result "0-1"]
[WhiteTitle "IM"]
[BlackTitle "GM"]
[WhiteElo "2535"]
[BlackElo "2488"]
[WhiteFideId "3508811"]
[BlackFideId "105198"]
[EventDate "2015.05.15"]
[EventType "swiss"]

1. e4 c5 2. Nf3 Nc6 3. d4 cxd4 4. Nxd4 e6 5. Nc3 Qc7 6. Be3 a6 7. Qd2 Nf6 8.
O-O-O Be7 9. f3 b5 10. Kb1 Bb7 11. Bf4 Ne5 12. Ndxb5 axb5 13. Nxb5 Qc5 14. b4
Qxb4+ 15. Qxb4 Bxb4 16. Bxe5 Ke7 17. Bc4 Ba6 18. a4 Rhc8 19. Bb3 Bxb5 20. axb5
d6 21. Bd4 Nd7 22. c4 Nc5 23. Kb2 e5 24. Bf2 Ra3 25. Bxc5 Bxc5 26. Rd5 Ra7 27.
g3 Rca8 28. Rhd1 f6 29. f4 Rd8 30. Kc3 Be3 31. Rf1 Bc5 32. Rd3 Raa8 33. h4 Rf8
34. Rdf3 Bd4+ 35. Kd3 Ra3 36. Kc2 Rc8 37. Rd3 Rca8 38. Rxd4 exd4 39. Kb2 Kd7 40.
Rd1 Kc7 41. Rxd4 Ra1 42. e5 fxe5 43. fxe5 dxe5 44. Rd5 Kb6 45. Rxe5 Rg1 46. Kc3
Ka5 47. Re3 Rf8 48. Bc2 Rc1 49. Kd2 Ra1 50. Be4 Kb4 51. Bd5 Kc5 52. Re6 Ra3 53.
Ke2 Rb3 54. h5 Rf5 55. Be4 Rxh5 56. Bd3 Rh2+ 57. Ke3 Rg2 58. Re5+ Kb4 59. Rg5
Kc3 60. c5 Rd2 61. Rd5 Rxb5 62. Ke4 Rb8 63. Ba6 Re8+ 64. Re5 Rd4+ 65. Kf5 Rf8+
66. Kg5 Rf6 67. Bb7 Rd7 68. c6 Rc7 69. Rd5 Kc4 70. Rd1 Kc5 71. g4 Re7 72. Rd8
Kb6 73. Ba8 h6+ 74. Kh5 Re5+ 75. Kh4 g5+ 76. Kg3 Re3+ 77. Kg2 Rc3 78. Rb8+ Ka7
79. Rd8 Rf4 80. Bb7 Rb4 81. Rd2 Rxg4+ 82. Kf2 Rgc4 83. Rd7 Kb6 84. Ba8 Ra4 85.
Bb7 Ra2+ 86. Ke1 Rc1+ 0-1

[Event "10th American Continental"]
[Site "Montevideo URU"]
[Date "2015.05.24"]
[Round "11.10"]
[White "Henriquez Villagra, Cristobal"]
[Black "Cori T., Deysi"]
[Result "1-0"]
[WhiteTitle "IM"]
[BlackTitle "WGM"]
[WhiteElo "2478"]
[BlackElo "2431"]
[WhiteFideId "3409350"]
[BlackFideId "3801934"]
[EventDate "2015.05.15"]
[EventType "swiss"]

1. d4 Nf6 2. c4 g6 3. g3 Bg7 4. Bg2 O-O 5. Nc3 c5 6. Nf3 d5 7. dxc5 Qa5 8. O-O
dxc4 9. Qd4 Qa6 10. Qh4 h5 11. a4 Bd7 12. Ne5 Be6 13. Nb5 Rc8 14. Nxc4 Rxc5 15.
Nca3 Nd5 16. Bxd5 Bxd5 17. Qxe7 Bf8 18. Qh4 Qe6 19. Re1 Be7 20. Bg5 Bxg5 21.
Qxg5 Nd7 22. Qf4 Nf6 23. b4 Rcc8 24. Rad1 a6 25. Nd4 Qe7 26. Nac2 Be4 27. Ne3
Re8 28. Qg5 Nh7 29. Qxe7 Rxe7 30. Nc4 1-0

[Event "10th American Continental"]
[Site "Montevideo URU"]
[Date "2015.05.24"]
[Round "11.11"]
[White "Lujan, Carolina"]
[Black "Yermolinsky, Alex"]
[Result "1/2-1/2"]
[WhiteTitle "IM"]
[BlackTitle "GM"]
[WhiteElo "2353"]
[BlackElo "2531"]
[WhiteFideId "109878"]
[BlackFideId "2005492"]
[EventDate "2015.05.15"]
[EventType "swiss"]

1. e4 Nf6 2. e5 Nd5 3. d4 d6 4. Nf3 g6 5. Bc4 c6 6. Qe2 Bg7 7. h3 O-O 8. O-O Bf5
9. Bb3 a5 10. a3 a4 11. Ba2 Nd7 12. c4 Bxb1 13. Rxb1 Nc7 14. Rd1 dxe5 15. Nxe5
Qc8 16. Nf3 Re8 17. Be3 e6 18. Qd2 Nf6 19. Rbc1 Qd7 20. Ne5 Qe7 21. Bg5 Rec8 22.
Qe3 Qe8 23. Rc2 Nd7 24. Rcd2 Nf6 25. Qf3 Nd7 26. Qe3 Nf6 27. Qf3 Nd7 28. Qe3
Nxe5 29. dxe5 b5 30. cxb5 cxb5 31. Rd4 Na6 32. Rd7 Nc5 33. Re7 Qc6 34. Qf4 Rf8
35. Bf6 Qe4 36. Qxe4 Nxe4 37. Bxg7 Kxg7 38. Bxe6 Rae8 39. Rdd7 Nc5 40. Rxf7+
Rxf7 41. Rxf7+ Kh8 42. Bd7 Nxd7 43. Rxd7 Rxe5 44. Rb7 h5 45. h4 Kg8 46. f3 Kf8
47. Kf2 Rc5 48. Ke3 Rc2 49. Rxb5 Rxg2 50. Rb4 Kf7 51. Rxa4 Rxb2 52. Kf4 Kg7 53.
Ra7+ Kf6 54. Ra6+ Kg7 55. a4 Rc2 56. a5 Rc4+ 57. Kg3 Ra4 58. Ra8 Kf6 59. a6 Kg7
60. Ra7+ Kf6 61. Ra8 Kg7 62. Kh3 Ra3 63. Kg2 Ra2+ 64. Kg3 Ra3 65. Kf4 Ra4+ 66.
Kg3 Ra3 67. Kf2 Ra4 68. Kg3 1/2-1/2

[Event "10th American Continental"]
[Site "Montevideo URU"]
[Date "2015.05.24"]
[Round "11.12"]
[White "Martinez Romero, Martin"]
[Black "Pierrot, Facundo"]
[Result "1-0"]
[WhiteTitle "IM"]
[BlackTitle "IM"]
[WhiteElo "2404"]
[BlackElo "2377"]
[WhiteFideId "4404025"]
[BlackFideId "103250"]
[EventDate "2015.05.15"]
[EventType "swiss"]

1. e4 c5 2. Nf3 e6 3. d4 cxd4 4. Nxd4 Nf6 5. Nc3 Nc6 6. Ndb5 Bb4 7. a3 Bxc3+ 8.
Nxc3 d5 9. Bd3 Ne5 10. O-O Nxd3 11. Qxd3 Nxe4 12. Nxe4 dxe4 13. Qxe4 O-O 14. Bf4
Qb6 15. Rad1 Qxb2 16. Bd6 Re8 17. Qa4 b5 18. Qe4 Bd7 19. Qb7 Rad8 20. Bc7 1-0

[Event "10th American Continental"]
[Site "Montevideo URU"]
[Date "2015.05.24"]
[Round "11.13"]
[White "Paveto, Kevin"]
[Black "Van Riemsdijk, Herman C."]
[Result "1-0"]
[WhiteTitle "FM"]
[BlackTitle "IM"]
[WhiteElo "2400"]
[BlackElo "2352"]
[WhiteFideId "173444"]
[BlackFideId "2100053"]
[EventDate "2015.05.15"]
[EventType "swiss"]

1. e4 c5 2. Nf3 e6 3. d4 cxd4 4. Nxd4 Nf6 5. Nc3 Nc6 6. Ndb5 Bb4 7. a3 Bxc3+ 8.
Nxc3 d5 9. exd5 exd5 10. Bd3 O-O 11. O-O d4 12. Ne2 Bg4 13. f3 Bh5 14. Nf4 Re8
15. Nxh5 Nxh5 16. f4 Nf6 17. Qf3 Qd5 18. Qxd5 Nxd5 19. Bd2 Re7 20. b4 a6 21.
Rfb1 Rc7 22. b5 Nce7 23. bxa6 bxa6 24. Rb3 f5 25. Rab1 Raa7 26. Rb8+ Kf7 27. Rd8
Nc3 28. Rbb8 g6 29. Rxd4 Nc6 30. Bxc3 Nxb8 31. Be1 Rd7 32. Ra4 Rac7 33. h3 Rd6
34. Rb4 Nd7 35. Bf2 Nc5 36. Bc4+ Ke7 37. Rb8 Ne6 38. Bb3 Rd1+ 39. Kh2 Nxf4 40.
Bh4+ Kd6 41. Ba4 Rf1 42. Bd8 Rc4 43. Rb6+ Kc5 44. Rxa6 Nd5 45. Bb3 Rf2 46. c3
Rff4 47. a4 Nxc3 48. Be7+ Kd4 49. Bf6+ Kc5 50. Be7+ Kd4 51. Bxc4 Kxc4 52. Rc6+
Kd3 53. a5 Ra4 54. a6 Ne4 55. Rb6 f4 56. Rb3+ Nc3 57. Bf6 Rxa6 58. Rxc3+ Kd2 59.
Be5 Ra5 60. Bc7 1-0

[Event "10th American Continental"]
[Site "Montevideo URU"]
[Date "2015.05.24"]
[Round "11.14"]
[White "Muniz, Rafael"]
[Black "Lenderman, Aleksandr"]
[Result "0-1"]
[BlackTitle "GM"]
[WhiteElo "2281"]
[BlackElo "2636"]
[WhiteFideId "3000486"]
[BlackFideId "2021285"]
[EventDate "2015.05.15"]
[EventType "swiss"]

1. e4 e6 2. d4 d5 3. exd5 exd5 4. Nf3 Bd6 5. h3 Ne7 6. Bd3 O-O 7. O-O Bf5 8. Re1
Bxd3 9. Qxd3 c6 10. Nbd2 Nd7 11. Nf1 Nf6 12. Ne5 Qc7 13. Bf4 Ne4 14. f3 Nf6 15.
Bh2 Rfe8 16. Re2 c5 17. dxc5 Qxc5+ 18. Kh1 Nc6 19. Rae1 Bxe5 20. Bxe5 Nd7 21.
Bg3 Rxe2 22. Rxe2 h6 23. c3 Nf6 24. Ne3 d4 25. cxd4 Nxd4 26. Rd2 Ne6 27. Qc3
Qxc3 28. bxc3 Rc8 29. Be5 Ne8 30. c4 Kf8 31. Rd7 Nc5 32. Rd2 b6 33. Kg1 f6 34.
Bd4 Nb7 35. Kf2 Ned6 36. Rc2 Nc5 37. Bxc5 Rxc5 38. Ke2 Kf7 39. Kd3 Ke6 40. g4 g5
41. Rf2 Ra5 42. Nc2 Ra4 43. Nd4+ Kd7 44. Rc2 Ra3+ 45. Nb3 a5 46. Kd4 a4 47. Nd2
Kc6 48. Rb2 f5 49. gxf5 Nxf5+ 50. Ke4 Ng3+ 51. Kd4 Ne2+ 52. Ke5 Nc1 53. Kf6 Rxa2
54. Rxa2 Nxa2 55. Kg6 Nc3 56. Kxh6 Kc5 57. Kxg5 Kb4 58. f4 a3 59. Nf3 a2 0-1

[Event "10th American Continental"]
[Site "Montevideo URU"]
[Date "2015.05.24"]
[Round "11.15"]
[White "Mekhitarian, Krikor Sevag"]
[Black "Supi, Luis Paulo"]
[Result "1-0"]
[WhiteTitle "GM"]
[BlackTitle "IM"]
[WhiteElo "2572"]
[BlackElo "2416"]
[WhiteFideId "2107660"]
[BlackFideId "2106388"]
[EventDate "2015.05.15"]
[EventType "swiss"]

1. d4 Nf6 2. c4 g6 3. Nf3 Bg7 4. g3 O-O 5. Bg2 c5 6. Nc3 d6 7. O-O Nc6 8. d5 Na5
9. Nd2 a6 10. Qc2 b5 11. cxb5 axb5 12. Nxb5 Qb6 13. Nc3 Bf5 14. e4 Bc8 15. h3
Nd7 16. Rb1 Ba6 17. Rd1 Qb4 18. a3 Qb6 19. b3 Ne5 20. Nc4 Bxc4 21. bxc4 Qd8 22.
Nb5 Nexc4 23. f4 Qd7 24. Kh2 Rfb8 25. a4 Nb6 26. e5 Qd8 27. e6 f5 28. g4 fxg4
29. hxg4 Nac4 30. Be4 Rxa4 31. Rh1 Rba8 32. Kg1 Ra1 33. Bxg6 h6 34. Bf7+ Kh8 35.
f5 R8a2 36. Qe4 Nd2 37. Bxd2 Rxb1+ 38. Qxb1 Rxd2 39. f6 exf6 40. Qe1 1-0

[Event "10th American Continental"]
[Site "Montevideo URU"]
[Date "2015.05.24"]
[Round "11.16"]
[White "Pichot, Alan"]
[Black "Quintiliano Pinto, Renato R."]
[Result "1-0"]
[WhiteTitle "IM"]
[BlackTitle "FM"]
[WhiteElo "2504"]
[BlackElo "2411"]
[WhiteFideId "110973"]
[BlackFideId "2117568"]
[EventDate "2015.05.15"]
[EventType "swiss"]

1. e4 c5 2. Nf3 d6 3. c3 Nf6 4. Be2 g6 5. O-O Bg7 6. Bb5+ Bd7 7. Bxd7+ Nbxd7 8.
Qe2 O-O 9. d4 cxd4 10. cxd4 e5 11. dxe5 dxe5 12. Nc3 Qe7 13. Bg5 h6 14. Bh4 Qe6
15. Rfd1 Rfc8 16. Bg3 Nh5 17. Qb5 Nc5 18. Rac1 a6 19. Qb4 Nxg3 20. hxg3 Bf8 21.
Nd5 b5 22. Qe1 Rab8 23. Qe3 a5 24. b3 Kg7 25. Rc2 Na6 26. Rxc8 Rxc8 27. Qe2 Nc5
28. Rc1 Rb8 29. Qe3 Qd6 30. g4 Rd8 31. Rd1 Qb8 32. g3 Bd6 33. Kg2 Ne6 34. Rh1
Rh8 35. Qc3 b4 36. Qb2 Nc5 37. Nd2 Qb5 38. Qc2 Qe2 39. Qd1 Qb5 40. Nc4 Bb8 41.
Qf3 Nd7 42. g5 h5 43. Rh4 Qa6 44. g4 hxg4 45. Qxg4 Rxh4 46. Qxh4 Qe6 47. Qh6+
Kg8 48. Qh3 Qxh3+ 49. Kxh3 Nc5 50. Nf6+ Kh8 51. Nxa5 Nd3 52. Kg3 Ba7 53. Kf3 Bd4
54. Nc6 Bc5 55. Nd7 Bd6 56. Ke3 Nc1 57. Ndxe5 Bc5+ 58. Kd2 Nxa2 59. Nd3 Bb6 60.
f3 Bc7 61. Ke3 Bb6+ 62. Kf4 Nc3 63. Ncxb4 Ne2+ 64. Kg4 Nd4 65. Nd5 Bd8 66. b4
Kg7 67. f4 Kf8 68. Ne5 Ke8 69. Nf3 Nb5 70. Ne5 Nd4 71. Kg3 Be7 72. Kf2 Bd6 73.
Nc4 Bf8 74. Ne5 Bd6 75. Nd3 Bb8 76. Ke3 Ba7 77. Kd2 Kd7 78. Ne5+ Ke6 79. Kd3 Nb5
80. Nc6 Kd7 81. Nxa7 Nxa7 82. Kc4 Kd6 83. b5 Nc8 84. b6 Kc6 85. Kd4 Nd6 86. Ke5
Ne8 87. f5 gxf5 88. exf5 Kb7 89. Nc7 1-0

[Event "10th American Continental"]
[Site "Montevideo URU"]
[Date "2015.05.24"]
[Round "11.17"]
[White "Escalante Ramirez, Brian Sebasti"]
[Black "Di Berardino, Diego Rafael"]
[Result "0-1"]
[BlackTitle "IM"]
[WhiteElo "2373"]
[BlackElo "2489"]
[WhiteFideId "3819566"]
[BlackFideId "2105446"]
[EventDate "2015.05.15"]
[EventType "swiss"]

1. e4 c5 2. Nf3 b6 3. d4 cxd4 4. Nxd4 Bb7 5. Nc3 Nf6 6. e5 Nd5 7. Nxd5 Bxd5 8.
f4 e6 9. Be3 Nc6 10. Nf3 Bc5 11. Bxc5 bxc5 12. c3 Rb8 13. b3 Qa5 14. Qd2 Rxb3
15. Rc1 Ra3 16. Be2 Rxa2 17. Qe3 Nd4 18. Nxd4 cxd4 19. Qxd4 O-O 20. Qb4 Qc7 21.
Rg1 Rb8 22. Qd6 Rxe2+ 23. Kxe2 Qc4+ 0-1

[Event "10th American Continental"]
[Site "Montevideo URU"]
[Date "2015.05.24"]
[Round "11.18"]
[White "Larrea, Manuel"]
[Black "Rodriguez Vila, Andres"]
[Result "0-1"]
[WhiteTitle "FM"]
[BlackTitle "GM"]
[WhiteElo "2327"]
[BlackElo "2485"]
[WhiteFideId "3000508"]
[BlackFideId "3000010"]
[EventDate "2015.05.15"]
[EventType "swiss"]

1. e4 e6 2. d4 d5 3. Nc3 Bb4 4. e5 Ne7 5. a3 Bxc3+ 6. bxc3 c5 7. Qg4 cxd4 8.
cxd4 Qc7 9. Bd2 Nbc6 10. Nf3 Nf5 11. Bd3 Ncxd4 12. Nxd4 Qxe5+ 13. Be3 Nxe3 14.
fxe3 Qxe3+ 15. Kf1 O-O 16. Re1 Qh6 17. Qf3 Qh4 18. Qe3 Bd7 19. Nf3 Qe7 20. Ne5
Be8 21. Qh3 g6 22. Nf3 Rd8 23. Qg4 Bd7 24. Ne5 Bc8 25. Re3 d4 26. Rf3 Rd5 27.
Qf4 Qd6 28. Nc4 Qxf4 29. Rxf4 f5 30. Nd2 b5 31. a4 e5 32. Rf2 a6 33. axb5 axb5
34. Ke2 Re8 35. Rb1 e4 36. Bxb5 Rxb5 0-1

[Event "10th American Continental"]
[Site "Montevideo URU"]
[Date "2015.05.24"]
[Round "11.19"]
[White "Vera Siguenas, Deivy"]
[Black "Guerrero, Alvaro"]
[Result "1-0"]
[WhiteTitle "IM"]
[WhiteElo "2469"]
[BlackElo "2156"]
[WhiteFideId "3804623"]
[BlackFideId "3000478"]
[EventDate "2015.05.15"]
[EventType "swiss"]

1. e4 d6 2. d4 Nf6 3. Nc3 e5 4. Nf3 Nbd7 5. Bc4 Be7 6. O-O O-O 7. Re1 c6 8. a4
b6 9. d5 Bb7 10. b3 a6 11. dxc6 Bxc6 12. Nd5 Bxd5 13. Bxd5 Nxd5 14. Qxd5 Qc7 15.
c4 Nc5 16. Be3 Nxb3 17. Rab1 Nc5 18. Bxc5 dxc5 19. Qxe5 Bd6 20. Qb2 Rfb8 21. e5
Bf8 22. Ng5 h6 23. Ne4 Qc6 24. Nc3 Ra7 25. Red1 Rab7 26. Qd2 Qe8 27. f4 Be7 28.
Qd5 Rc7 29. Qf3 Rc6 30. Rb2 Re6 31. Re2 f6 32. Rde1 Qf7 33. Nd5 Bd8 34. Qd3 fxe5
35. fxe5 Bg5 36. Rf1 Qh5 37. Re4 Qg6 38. Qe2 b5 39. axb5 axb5 40. h4 Bd2 41. Rg4
Qc2 42. Qf3 1-0

[Event "10th American Continental"]
[Site "Montevideo URU"]
[Date "2015.05.24"]
[Round "11.20"]
[White "Menna Barreto, Felipe Kubiaki"]
[Black "Molina, Roberto Junio Brito"]
[Result "1/2-1/2"]
[WhiteTitle "FM"]
[BlackTitle "IM"]
[WhiteElo "2271"]
[BlackElo "2455"]
[WhiteFideId "2119757"]
[BlackFideId "2109450"]
[EventDate "2015.05.15"]
[EventType "swiss"]

1. c4 e5 2. g3 Nf6 3. Bg2 d5 4. cxd5 Nxd5 5. Nf3 Nc6 6. d3 Be7 7. O-O O-O 8. Nc3
Nb6 9. Bd2 Re8 10. Rc1 Bf8 11. a3 Nd4 12. Nxd4 exd4 13. Ne4 a5 14. e3 dxe3 15.
Bxe3 Nd5 16. Bc5 c6 17. Bxf8 Rxf8 18. Nc5 Ne7 19. Re1 Nf5 20. Rc4 Nd6 21. Rc2
Bf5 22. Rce2 Bg4 23. f3 Qb6 24. d4 Bf5 25. g4 Bc8 26. Qd2 Qd8 27. h3 b6 28. Na4
Ba6 29. Rf2 Nb5 30. f4 Nxd4 31. Rd1 Qc7 32. Nxb6 Ne2+ 33. Rxe2 Qxb6+ 34. Rf2
Rfe8 35. Qd4 Qc7 36. Qc5 Bb5 37. Rc1 Rac8 38. b3 a4 39. bxa4 Bxa4 40. Qd4 Qa5
41. Rc5 Bb5 42. Qc3 Qa6 43. h4 Red8 44. Rg5 g6 45. f5 Rd1+ 46. Kh2 Qa7 47. fxg6
Qc7+ 48. Qg3 Qxg3+ 49. Kxg3 hxg6 50. h5 Kg7 51. hxg6 fxg6 52. Be4 Rd6 53. Re5
Rc7 54. g5 Ba4 55. Ra5 Rd4 56. Bc2 Bb5 57. Rf6 Bd3 58. Bxd3 Rxd3+ 59. Rf3 Rd1
60. Rc5 Rg1+ 61. Kf2 Rg4 62. Rfc3 Rf7+ 63. Rf3 Rd7 64. Rxc6 Rxg5 65. Re6 Rd2+
66. Re2 Rd7 67. Re6 Rb7 68. Re8 Rh5 69. Rfe3 Rb2+ 70. Re2 Rh2+ 71. Kf3 Rh3+ 72.
Kg4 Rxe2 73. Rxe2 1/2-1/2

[Event "10th American Continental"]
[Site "Montevideo URU"]
[Date "2015.05.24"]
[Round "11.21"]
[White "Barbosa, Evandro Amorim"]
[Black "Barros Rivadeneira, Cristhian"]
[Result "1-0"]
[WhiteTitle "IM"]
[BlackTitle "IM"]
[WhiteElo "2438"]
[BlackElo "2335"]
[WhiteFideId "2115824"]
[BlackFideId "3609677"]
[EventDate "2015.05.15"]
[EventType "swiss"]

1. e4 c5 2. Nf3 Nc6 3. Bb5 g6 4. Bxc6 dxc6 5. d3 Bg7 6. h3 Nf6 7. Nc3 Nd7 8. Be3
e5 9. Qd2 h6 10. O-O Qe7 11. Nh2 Nf8 12. f4 exf4 13. Bxf4 Ne6 14. Bg3 h5 15.
Rae1 h4 16. Bf2 Rh5 17. Nf3 Nd4 18. Nxd4 cxd4 19. Ne2 c5 20. c3 dxc3 21. Nxc3
Be6 22. Nd5 Qd6 23. d4 cxd4 24. Bxd4 Bxd4+ 25. Qxd4 Bxd5 26. exd5+ Kf8 27. Re6
Qxd5 28. Qf6 Rh7 29. Qxg6 Rg7 30. Qe4 Qxe4 31. Rxe4 Rh7 32. Rff4 Rd8 33. Rxh4
Rxh4 34. Rxh4 Rd2 35. Rb4 b6 36. Kh2 Kg7 37. Kg3 Kg6 38. Rg4+ Kh6 39. Rb4 Kg6
40. Kf3 f5 41. Rb3 Rc2 42. g3 Rh2 43. h4 Kf6 44. Rb5 Rd2 45. a3 Rc2 46. b3 Rd2
47. a4 Rd4 48. b4 Rd3+ 49. Kf4 Rd4+ 50. Ke3 Rg4 51. Kf3 Rc4 52. a5 bxa5 53. bxa5
Rc3+ 54. Kg2 Rc2+ 55. Kh3 Ra2 56. Rc5 Ra3 57. Kg2 Ra2+ 58. Kf3 Ra3+ 59. Kf2 Ra2+
60. Ke3 Ra3+ 61. Kd4 Rxg3 62. Rc6+ Kg7 63. Ke5 Rh3 64. Kxf5 Rxh4 65. Ke6 Re4+
66. Kd6 Kf6 67. Kd7+ Kf7 68. a6 Rd4+ 69. Kc8 Ke8 70. Re6+ Kf7 71. Rh6 Rb4 72.
Rh7+ Ke6 73. Rxa7 Kd6 74. Rb7 Rh4 75. Rc7 Ra4 76. a7 Ra3 77. Kb8 1-0